000 00953cam a2200313 a 4500
005 20260322212009.0
008 data
010 _a 93079292
020 _a0155001930 (v. 1)
020 _a0155001949 (v. 2)
020 _a9780155001930 (v. 1)
020 _a9780155001947 (v. 2)
040 _aDLC
_cDLC
043 _ae------
050 0 0 _aCB245
_b.C86 1994
082 0 0 _a909/.09812
_220
092 _a909 C86 1994
100 1 _aCunningham, Lawrence.
245 1 0 _aCulture and values :
_ba survey of the Western humanities /
_cLawrence Cunningham & John J. Reich.
250 _a3rd ed.
260 _aFort Worth :
_bHarcourt Brace College Publishers,
_cc1994.
300 _a2 v. :
_bill. (some col.), maps ;
_c26 cm.
504 _aIncludes bibliographical references and index.
650 0 _aCivilization, Western.
650 0 0 _aHumanities
_zEurope
_xHistory.
651 0 _aEurope
_xIntellectual life.
700 1 _aReich, John J.
001 data
999 _c180
_d180